000 00385nam a22001697a 4500
003 SGT
020 _a9788131267011
082 _a617.7042
_bP24S
100 _aSIHOTA, RAMANJIT,ed.
245 _aPARSON'S' DISEASES OF THE EYE
250 _a24TH
260 _aINDIA
_bELSEVIER
_c2024
300 _a627
650 _aDISEASE
653 _aPARSON'S', DISEASES , EYE
942 _2ddc
_cBK
999 _c29122
_d29122